000 00282nam a2200097Ia 4500
005 20251222152026.0
008 251222s9999||||xx |||||||||||||| ||spa||
082 _a630.1C/I59/V.24
245 0 _aIII Censo Nacional Agropecuario: Perfil Agropecuario: Departamento de Junín
942 _cLIB
999 _c25467
_d25467